000 01572cas a2200397 a 4500
003 OSt
005 20241215133706.0
008 090426u1912uuuuenkqx p o 0 a0eng
022 _a0018-2648
_2z
040 _aDLC
_cOKentU
_dCtY
_dOCoLC
_dInU
_dMnMULS
_dOCoLC
_dN
_dAIP
_dOCoLC
_dAIP
_dNSDP
_dOCoLC
_dDLC
_dMH
_dNSDP
_dNST
_dMH
_dNST
_dOCoLC
_dDLC
_dMH
_dOCoLC
_dMdU
_dPBL
_dOCoLC
_dOCoLC
_dNLGGC
_dMiEM
_dCaQMUQ
_dGU
092 4 _a909.84205
_bH67357
_221
099 _a\4
_a909.84205 H67357
130 0 _aHistory (Historical Association (Great Britain))
222 0 _aHistory.
245 0 0 _aHistory.
300 _av. :
_bill. ;
_c24 cm.
310 _a4 no. a year,
_b1996-
321 _a2 no. a year,
_bJune 1942-Sept. 1947
321 _a3 no. a year,
_bFeb.-June 1948-1995
321 _aQuarterly,
_b1912-Mar. 1942
336 _atext
_2rda content
337 _aUnmediated
_2rdamedia
338 _avolume
_2rdacarrier
362 0 _aVol. 1, no. 1 (Jan. 1912)-v. 4, no. 4 (Oct.-Dec. 1915); new ser., v. 1, no. 1 (Apr. 1916)-
500 _aLatest issue consulted: Vol. 81, no. 261 (Jan. 1996)
500 _aPublisher varies: Macmillan and Co., 1916- ; the Historical Association <1975>-1989; Oxford, England ; Cambridge, MA : Published for the Historical Association by B. Blackwell, 1990-
500 _aTitle from cover.
541 _aDeposit
650 0 _aHistory
_vPeriodicals.
650 7 _aHistoire
_2rasuqam
650 1 7 _aGeschiedenis.
_2gtt
710 2 _aHistorical Association (Great Britain)
905 _aamr
_eRev.
905 _aHala
_eCat.
942 _cCR
_n0
999 _c109950
_d109950